Country by Cities - Statistics

General Stats
  • This quiz has been taken 33 times
  • The average score is 15 of 20
Answer Stats
Hint Answer % Correct
Mazatlan, Aguascalientes, Ciudad Juarez Mexico
93%
Córoba, Rosario, Ushuaia Argentina
90%
A Coruña, Segovia, Bilbao Spain
90%
Kharkiv, Dnipro, Donetsk Ukraine
90%
Gothenburg, Malmö, Uppsala Sweden
87%
Chiang Mai, Hat Yai, Surat Thani Thailand
87%
Christchurch, Tauranga, Dunedin New Zealand
83%
Bergen, Trondheim, Tromsø Norway
83%
Adana, Izmir, Konya Turkey
83%
Bandung, Surabaya, Medan Indonesia
80%
Isfahan, Shiraz, Mashhad Iran
80%
Busan, Incheon, Daejeon South Korea
80%
Piura, Cuzco, Arequipa Peru
77%
Davao City, Calamba, Cebu City The Philippines
70%
Maracaibo, Trujillo, San Carlos Venezuela
70%
Sfax, Sousse, Gafsa Tunisia
67%
Samarkand, Bukhara, Namangan Uzbekistan
63%
Chittagong, Sylhet, Bogura Bangladesh
60%
Benin City, Kano, Port Harcourt Nigeria
50%
Ashkelon, Ashdod, Herzliya Israel
40%
No matching quizzes found
Score Distribution
Percent of People with Each Score
Percentile by Number Answered
Your Score History
You have not taken this quiz